[Event "Dhaka Al Mahmud Memorial"]
[Site "Dhaka"]
[Date "2022.02.06"]
[Round "2"]
[White "Kazi, Saiyf"]
[Black "Tutul, Dhar"]
[Result "1-0"]
[WhiteElo "1608"]
[BlackElo "1985"]
[PlyCount "59"]
[EventDate "2022.02.05"]
[EventType "swiss"]
[EventRounds "9"]
[EventCountry "BAN"]
[SourceTitle "EXT 2023"]
[Source "ChessBase"]
[SourceDate "2022.10.05"]
[SourceVersion "1"]
[SourceVersionDate "2022.10.05"]
[SourceQuality "1"]

1. d4 Nf6 2. Bf4 d5 3. Nf3 c5 4. e3 Nc6 5. c3 e6 6. Bd3 Bd6 7. Bg5 b6 8. Nbd2 Bb7 9. Qe2 Be7 10. 0-0 0-0 11. Rad1 Qc7 12. e4 dxe4 13. Nxe4 Nxe4 14. Qxe4 g6 15. Qh4 cxd4 16. cxd4 Qd8 17. Rfe1 h5 18. Be4 Bxg5 19. Nxg5 Na5 20. g4 Kg7 21. Bxg6 hxg4 22. Bxf7 Qxg5 23. Qxg5+ Kxf7 24. b4 Nc4 25. Qf4+ Kg8 26. Qxg4+ Kh7 27. Qh5+ Kg7 28. Rxe6 Rg8 29. Rg6+ Kf7 30. Qh7+ 1-0